Normal view MARC view
  • Jones, J. Mary

Entry Personal Name

Number of records used in: 1

001 - CONTROL NUMBER

  • control field: 94010

003 - CONTROL NUMBER IDENTIFIER

  • control field: NUST

005 - DATE AND TIME OF LATEST TRANSACTION

  • control field: 20220720104300.0

008 - FIXED-LENGTH DATA ELEMENTS

  • fixed length control field: 220720|| aca||aabn | a|a d

040 ## - CATALOGING SOURCE

  • Original cataloging agency: NUST
  • Transcribing agency: NUST

100 ## - HEADING--PERSONAL NAME

  • Personal name: Jones, J. Mary
  • Dates associated with a name: 1946-

670 ## - SOURCE DATA FOUND

  • Source citation: Work cat.: (NUST)219325: Jones, Gareth A., 94009, Information and coding theory /, c2000.
© 2023 Central Library, National University of Sciences and Technology. All Rights Reserved.